Memorias y otros escritos / (Record no. 42937)

MARC details
000 -LEADER
campo de control de longitud fija 00751nam a2200205 i 4500
001 - NÚMERO DE CONTROL
campo de control 42937
003 - IDENTIFICADOR DE NÚMERO DE CONTROL
campo de control ES-MaACL
005 - FECHA Y HORA DE LA ÚLTIMA TRANSACCIÓN
campo de control 20251015063055.0
007 - CAMPO FIJO DE DESCRIPCIÓN FÍSICA--INFORMACIÓN GENERAL
campo de control de longitud fija t|
008 - DATOS DE LONGITUD FIJA--INFORMACIÓN GENERAL
campo de control de longitud fija 030314s1959 sp ||||1| spa d
100 1# - ENTRADA PRINCIPAL--NOMBRE DE PERSONA
Nombre de persona Cellini, Benvenuto,
Fechas asociadas al nombre 1500-1571
9 (RLIN) 37369
245 10 - MENCIÓN DEL TÍTULO
Título Memorias y otros escritos /
Mención de responsabilidad, etc. Benvenuto Cellini ; traducción directa del italiano por J. Farrán y Mayoral ; con un prólogo y notas de Montserrat Corominas.
260 ## - PUBLICACIÓN, DISTRIBUCIÓN, ETC.
Lugar de publicación, distribución, etc. Barcelona :
Nombre del editor, distribuidor, etc. Iberia,
Fecha de publicación, distribución, etc. [1959] (
Fabricante Gráf. Diamante)
300 ## - DESCRIPCIÓN FÍSICA
Extensión 2 v. ;
Dimensiones 19 cm.
600 14 - PUNTO DE ACCESO ADICIONAL DE MATERIA--NOMBRE DE PERSONA
Nombre de persona Cellini, Benvenuto,
Fechas asociadas al nombre 1500-1571
9 (RLIN) 37369
700 1# - ENTRADA AGREGADA--NOMBRE PERSONAL
Nombre de persona Farrán y Mayoral, J.
9 (RLIN) 48882
700 1# - ENTRADA AGREGADA--NOMBRE PERSONAL
Nombre de persona Corominas, Montserrat.
9 (RLIN) 40659
852 ## - LOCALIZACIÓN
Ubicación ES-MaACL
Número de control de estantería E-3673-74
Sublocalización o colección R.46040
Holdings
Estatus retirado Estado de pérdida Estado de daño No para préstamo Biblioteca de origen Biblioteca actual Ubicación en estantería Fecha de adquisición Fuente de adquisición Total de préstamos Signatura topográfica completa Código de barras Visto por última vez Precio de reemplazo Tipo de ítem Koha
        Biblioteca del Ateneo de Madrid Biblioteca del Ateneo de Madrid Depósito 2 17/01/2008     E-3673-74 1045194 23/02/2023 23/02/2023 Libro impreso